00774nam a2200217Ii 45000010005000000030009000050080041000140400033000550410008000880820018000961000034001142450035001482640069001833000012002523360026002643370028002903380027003189400050003459990017003959520144004126587CO-ViMGA241108s9999||||xx |||||||||||||| ||und|| aCO-ViMGAbspaerdacCO-ViMGA0 aunk04aC863.44-B139r1 aBenjamín Baena Hoyos95372710a río corre hacia atrás 1a[Lugar de publicación no identificado] : Carlos Valencia, 1980 avolumen atextbtxt2rdacontent aunmediatedbn2rdamedia avolumebnc2rdacarrier aidficha_siabuc: 6436. -- ficha_no_siabuc:6587 c50463d50463 001040708001aMEVIGERRbMEVIGERRcGENd2006-11-27hVol.1oC863.44-B139rpECA6040r2024-11-26 10:01:56tEj.1w2024-11-26yBKz6436 | 8994